000 01543nam a22003497a 4500
005 20200104041616.0
008 130314s2012 ck a gr 000 0 spa d
020 _a9789588343686
041 0 _aspa
043 _as-ck---
082 0 4 _a638.1
_bI59c
110 2 _aInstituto de Investigación de Recursos Biológicos Alexander von Humboldt
_9204
245 1 0 _aCatálogo fotográfico de especies de flora apícola en los departamentos de Cauca, Huila y Bolívar /
_cElaboración de fichas técnicas: Marmel Velandia ; compilación de textos y fotografías : Luz Marina Silva ; revisión técnica: Sebastián Restrepo, Paola Cubillos y Angélica Aponte.
260 _aBogotá :
_bInstituto Humboldt,
_c2012.
300 _a83 p. :
_bil., fotos, mapas.
_c28 cm.
504 _aIncluye referencias bibliográficas e índices
650 4 _aRecolección de miel
_z Colombia
_v Catálogos
_9205
650 4 _aApicultura
_z Colombia
_v Catálogos
_9206
650 4 _aProductos de la colmena
_9207
650 4 _aManejo del apiario
_9208
650 4 _aFlora
_992293
650 4 _aAgricultura sostenible
_9210
700 1 _aSilva, Luz Marina,
_ecomp.
_9220
700 1 _aRestrepo, Sebastián,
_erev.
_9221
700 1 _aVelandia, Marmel.
_9213
700 1 _aCubillos, Paola,
_erev.
_9222
700 1 _aAponte, Angélica,
_erev.
_9223
856 _uhttp://www.humboldt.org.co/publicaciones/uploads/Catalogo_fotografico_de_especies_de_flora_apicola.pdf
942 _2ddc
_cIMPRESO
_02
949 _an
_bn
999 _c7332
_d7332